000 00747nam a2200253 a 4500
001 BRCA_3557
005 20190320204331.0
008 030809s1962----mx-a---###---#000-0#spa-#
041 _aspa
044 _amx
050 4 _aDA536.O2
_b.F39 1962
100 1 _aFaye, J. de la
_99231
245 1 0 _aDaniel O´Connell
_blibertador de Irlanda
_cJ. de la Faye ; traducción de Juan Abascal.
260 _aMéxico
_bJus
_c1962
300 _a351 p.
_bil.
_c24 cm.
440 0 _aForjadores de la historia
_v3
_99232
500 _aB225
600 1 4 _aO´Connell Daniel
_d1775-1847
_99233
650 1 4 _aIrlánda
_xHistoria
_99234
651 4 _aGran Bretaña
_xHistoria
_y1714-1820
_99235
700 1 _aAbascal, Juan
_etr
_99236
902 _aGFM
942 _2lcc
_cB
999 _c3292
_d3292